<?xml version="1.0" encoding="UTF-8"?>
<collection xmlns="http://www.loc.gov/MARC21/slim">
<record>
  <controlfield tag="001">166072</controlfield>
  <controlfield tag="005">20260119170325.0</controlfield>
  <datafield tag="024" ind1="8" ind2=" ">
    <subfield code="2">sideral</subfield>
    <subfield code="a">147495</subfield>
  </datafield>
  <datafield tag="037" ind1=" " ind2=" ">
    <subfield code="a">ART-2019-147495</subfield>
  </datafield>
  <datafield tag="041" ind1=" " ind2=" ">
    <subfield code="a">spa</subfield>
  </datafield>
  <datafield tag="100" ind1=" " ind2=" ">
    <subfield code="a">Barrio Gallardo, Aurelio</subfield>
    <subfield code="u">Universidad de Zaragoza</subfield>
    <subfield code="0">(orcid)0000-0001-7110-3304</subfield>
  </datafield>
  <datafield tag="245" ind1=" " ind2=" ">
    <subfield code="a">La administración hereditaria en el derecho inglés</subfield>
  </datafield>
  <datafield tag="260" ind1=" " ind2=" ">
    <subfield code="c">2019</subfield>
  </datafield>
  <datafield tag="520" ind1="3" ind2=" ">
    <subfield code="a">El Derecho inglés ofrece un sistema sucesorio caracterizado por la interposición de una institución, llamada representante personal, destinada a purgar el pasivo hereditario y distribuir el remanente entre los sucesores del causante. El beneficio económico de la sucesión queda así escindido de las labores de administración del caudal relicto. Esta transmisión intermediada es una de las notas más sobresalientes del fenómeno sucesorio en el Common Law frente a los países romanizados. El artículo estudia comparativamente dicha singularidad que constituye una primera incursión en las operaciones realizadas por el liquidador hereditario desde el fallecimiento del causante hasta la distribución del activo neto entre los diversos beneficiarios distinguiendo entre herencias solventes e insolventes.

English law offers a succession system characterized by the interposition of an institution, called personal representative, intended to cleanse the hereditary liability and distribute the remainder among the successors of the deceased. The economic benefit of the succession is thus split from the tasks of estate administration. This intermediary transmission is one of the most outstanding features of the machinery of succession in Common Law against civilian countries. This paper constitutes an outline of the operations performed by the testamentary executor from the death of the deceased to the distribution of net assets among the various beneficiaries making a distinction between solvent and insolvent estates.</subfield>
  </datafield>
  <datafield tag="506" ind1="0" ind2=" ">
    <subfield code="a">Access copy available to the general public</subfield>
    <subfield code="f">Unrestricted</subfield>
  </datafield>
  <datafield tag="536" ind1=" " ind2=" ">
    <subfield code="9">info:eu-repo/grantAgreement/ES/MINECO/DER2016-79363-R</subfield>
  </datafield>
  <datafield tag="540" ind1=" " ind2=" ">
    <subfield code="9">info:eu-repo/semantics/openAccess</subfield>
    <subfield code="a">by-nc-nd</subfield>
    <subfield code="u">https://creativecommons.org/licenses/by-nc-nd/4.0/deed.es</subfield>
  </datafield>
  <datafield tag="655" ind1=" " ind2="4">
    <subfield code="a">info:eu-repo/semantics/article</subfield>
    <subfield code="v">info:eu-repo/semantics/publishedVersion</subfield>
  </datafield>
  <datafield tag="710" ind1="2" ind2=" ">
    <subfield code="1">4004</subfield>
    <subfield code="2">130</subfield>
    <subfield code="a">Universidad de Zaragoza</subfield>
    <subfield code="b">Dpto. Derecho Privado</subfield>
    <subfield code="c">Área Derecho Civil</subfield>
  </datafield>
  <datafield tag="773" ind1=" " ind2=" ">
    <subfield code="g">16-17 (2019), 357-389</subfield>
    <subfield code="p">Crón. juríd. hispalense</subfield>
    <subfield code="t">Crónica jurídica hispalense</subfield>
    <subfield code="x">1887-2689</subfield>
  </datafield>
  <datafield tag="856" ind1="4" ind2=" ">
    <subfield code="s">6834428</subfield>
    <subfield code="u">http://zaguan.unizar.es/record/166072/files/texto_completo.pdf</subfield>
    <subfield code="y">Versión publicada</subfield>
  </datafield>
  <datafield tag="856" ind1="4" ind2=" ">
    <subfield code="s">1417451</subfield>
    <subfield code="u">http://zaguan.unizar.es/record/166072/files/texto_completo.jpg?subformat=icon</subfield>
    <subfield code="x">icon</subfield>
    <subfield code="y">Versión publicada</subfield>
  </datafield>
  <datafield tag="909" ind1="C" ind2="O">
    <subfield code="o">oai:zaguan.unizar.es:166072</subfield>
    <subfield code="p">articulos</subfield>
    <subfield code="p">driver</subfield>
  </datafield>
  <datafield tag="951" ind1=" " ind2=" ">
    <subfield code="a">2026-01-19-14:39:25</subfield>
  </datafield>
  <datafield tag="980" ind1=" " ind2=" ">
    <subfield code="a">ARTICLE</subfield>
  </datafield>
</record>
</collection>